| 000 | 00591cam a2200193 4500 | ||
|---|---|---|---|
| 001 | D15021 | ||
| 008 | 090401t1977 xxu||||| |||| 00| 0 eng d | ||
| 035 | _a(Sirsi) u19633 | ||
| 041 | _aeng | ||
| 050 | _a333.335 | ||
| 110 |
_aRoyal Institution of Chartered Surveyors _94900 |
||
| 245 | 4 | _aThe acquisition and occupancy of agricultural land: a memorandum of evidence to the Committee of Inquiry. [submitted to the Northfield Committee] | |
| 260 |
_bRICS _c1977 |
||
| 300 | _aiii. 37p. tables | ||
| 350 | _a1 | ||
| 520 | _aFiled in Box 1977/21 ABC | ||
| 942 | _n0 | ||
| 948 | _c04/03/1997 | ||
| 999 |
_c87693 _d87693 |
||